00915nam a22002417a 4500003000500000005001700005008004100022010001100063011001100074035001100085040000900096100002900105245014200134260004000276500006000316502010900376650003200485650003400517650003300551650001400584650001100598856006400609CHAP20220329143834.0111129d2011 mx r 00010 spa d a102596 a103568 a114257 cCHAP1 aElizalde Tellez, Adriana10aIndetificación del ácaro que causa el descame de las patas de gallinas en Atlixco, Pueblah[En línea]c/por Adriana Elizalde Telles aChapingo, Méx. :bEl autor,c2011 aPara ver el contenido del material haga clic en la liga aTesis (Ing. Agr. esp. en Parasitología Agrícola) -- UACH. Departamento de Parasitología Agrícola14aÁcarosxIdentificación.14aAves de corralxEnfermedades.14aAves de corralxParásitos.14aGallinas.14aSarna. 3Finding aiduhttp://10.13.5.2/tesis/114257.pdfzTeclea aqui